| 000 | 01303cam a2200253 4500 | ||
|---|---|---|---|
| 001 | WB4011-08 | ||
| 008 | 040317n2004 000 0 eng u | ||
| 035 | _a(Sirsi) u125460 | ||
| 245 | _aRICS UK Economic Brief - March 2004 | ||
| 260 | _c2004 | ||
| 490 |
_aRICS UK Economic Brief _vMarch 2004, 1-8(8) |
||
| 520 | _aThe March brief notes that economic activity for the fourth quarter 2003 showed an annual rise of 2.8%, the highest in three years. The commercial property market saw investment returns from commercial property at 10.9% in 2003, up from 9.7% in 2002. In the construction market, output surged in 2003, rising more than 4% for a second consecutive year. In the residential property market, house prices showed few signs of a slowdown in February with two interest rate increases having little impact. The March brief is available at http://www.rics.org/ricscms/bin/show?class=Brief&t emplate=/includes/showbrief.html&id=584&faculty=RI CS | ||
| 590 | _aWB | ||
| 590 | _aWB | ||
| 650 | _aHOUSE PRICES | ||
| 650 | _aPROPERTY INVESTMENT | ||
| 650 | _aCOMMERCIAL PROPERTY MARKET | ||
| 650 | _aCONSTRUCTION MARKET | ||
| 650 | _aRESIDENTIAL PROPERTY MARKET | ||
| 650 | _aRESIDENTIAL PROPERTY MARKET | ||
| 650 | _aECONOMIC ACTIVITY | ||
| 690 | _aECONOMIC ISSUES | ||
| 942 | _n0 | ||
| 999 |
_c117113 _d117113 |
||